Statistics for Gran Turismo 5: Most Expensive Cars

Click here to take the quiz!

General Stats

  • This quiz has been taken 67 times
  • The average score is 5 of 11

Answer Stats

Make and YearCost in GameModel% Correct
Ford '6919,829,700GT40 Race Car
68%
Lamborghini '6715,000,000Miura P400 Bertone Prototype
68%
Chaparral '7014,446,1262J Race Car
51%
Gran Turismo/Red Bull '1020,000,000X2010
51%
Ferrari '1010,000,000F10
41%
Ford '6720,000,000Mark IV Race Car
41%
Chaparral '6712,038,6262D Race Car
39%
Ferrari '6720,000,000330 P4 Race Car
39%
Ferrari '0712,500,000F2007
37%
Jaguar '6620,000,000XJ13 Race Car
32%
Alfa Romeo '6510,000,000Giulia TZ2
20%

Score Distribution

Percentile by Number Answered

Percent of People with Each Score

Your Score History

You have not taken this quiz